Т. 7, № 1-6; Т. 8, № 7-12; Инженер

Bibliografiske detaljer
Parent link:Инженер: ежемесячный технический журнал. Т. 7, № 1-6; Т. 8, № 7-12.— , 1883-1917
Sprog:russisk
Udgivet: 1885
Format: MixedMaterials Bog
KOHA link:https://koha.lib.tpu.ru/cgi-bin/koha/opac-detail.pl?biblionumber=380438

MARC

LEADER 00000nam2a2200000 4500
001 380438
005 20231101062654.0
035 |a (RuTPU)RU\TPU\prd\1481 
035 |a RU\TPU\prd\168 
090 |a 380438 
100 |a 20020216a18821917k y0rusy50 ca 
101 0 |a rus 
102 |a RU 
200 0 |a Т. 7, № 1-6; Т. 8, № 7-12 
210 |d 1885 
461 1 |0 (RuTPU)RU\TPU\prd\917  |t Инженер  |o ежемесячный технический журнал  |v Т. 7, № 1-6; Т. 8, № 7-12  |d 1883-1917 
801 2 |a RU  |b 63413507  |c 20170113  |g PSBO 
942 |c BK 
999 |a НТБ_ТПУ  |b РФ  |e -8/20110111  |p П-907  |u 0,00  |v 1